Listen to The King: (Record no. 4117)

MARC details
000 -LEADER
fixed length control field 00465nam a22001697a 4500
003 - CONTROL NUMBER IDENTIFIER
control field GBCCL
005 - DATE AND TIME OF LATEST TRANSACTION
control field 20241126110511.0
008 - FIXED-LENGTH DATA ELEMENTS--GENERAL INFORMATION
fixed length control field 180112b xxu||||| |||| 00| 0 eng d
020 ## - INTERNATIONAL STANDARD BOOK NUMBER
International Standard Book Number 0801061040
040 ## - CATALOGING SOURCE
Transcribing agency gbc
082 ## - DEWEY DECIMAL CLASSIFICATION NUMBER
Classification number 242.5
Item number LIS
245 ## - TITLE STATEMENT
Title Listen to The King:
Remainder of title Selected Scriptures for Meditation /
Statement of responsibility, etc. Compiled by Walter E. McAlister
260 ## - PUBLICATION, DISTRIBUTION, ETC.
Name of publisher, distributor, etc. Baker Book House,
Place of publication, distribution, etc. Michigan:
Date of publication, distribution, etc. 1980
300 ## - PHYSICAL DESCRIPTION
Dimensions 18 cm.
650 ## - SUBJECT ADDED ENTRY--TOPICAL TERM
Topical term or geographic name entry element Devotions
9 (RLIN) 7071
942 ## - ADDED ENTRY ELEMENTS (KOHA)
Source of classification or shelving scheme Dewey Decimal Classification
Koha item type Books
Holdings
Withdrawn status Lost status Source of classification or shelving scheme Damaged status Not for loan Home library Current Library Shelving location Date acquired Total checkouts Full call number Barcode Date last seen Copy number Price effective from Koha item type
    Dewey Decimal Classification     GRACE BIBLE COLLEGE GRACE BIBLE COLLEGE Ministry & Mission 2018-01-12   242.5 LIS 009179 2025-05-01 c.1 2018-01-12 Books
© Grace Bible College Library 2025